आचार्य मथुरादत्त पाण्डेय कृत एकाड प×चदशी का अनुशीलन (Record no. 296378)

MARC details
000 -LEADER
fixed length control field 00953nam a2200241Ia 4500
003 - CONTROL NUMBER IDENTIFIER
control field OSt
005 - DATE AND TIME OF LATEST TRANSACTION
control field 20220923211157.0
008 - FIXED-LENGTH DATA ELEMENTS--GENERAL INFORMATION
fixed length control field 220922b |||||||| |||| 00| 0 san d
020 ## - INTERNATIONAL STANDARD BOOK NUMBER
International Standard Book Number 8187883235
037 ## - SOURCE OF ACQUISITION
Terms of availability Textual
040 ## - CATALOGING SOURCE
Original cataloging agency ARTS
Transcribing agency ARTS
Language of cataloging san
041 ## - LANGUAGE CODE
Source of code san
Language code of text/sound track or separate title san
100 ## - MAIN ENTRY--PERSONAL NAME
Personal name शाण्डिल्य, राज कुमार
9 (RLIN) 159191
245 #0 - TITLE STATEMENT
Title आचार्य मथुरादत्त पाण्डेय कृत एकाड प×चदशी का अनुशीलन
246 ## - VARYING FORM OF TITLE
Title proper/short title Āchārya mathurādatta pāṇḍeya kṛut ekāḍ pa×chadashī kā anushīlana
260 ## - PUBLICATION, DISTRIBUTION, ETC.
Date of publication, distribution, etc. 2005
942 ## - ADDED ENTRY ELEMENTS (KOHA)
Classification part O15,2N28:g, 152P5
Koha item type Textual
Source of classification or shelving scheme Colon Classification (CC)
Holdings
Withdrawn status Lost status Damaged status Not for loan Home library Current library Date acquired Source of acquisition Cost, normal purchase price Total Checkouts Full call number Barcode Date last seen Cost, replacement price Price effective from Koha item type
        Arts Library Arts Library 2022-09-23 64, 28/06/2012, Eastern Book Linkers 450.00   O15,2N28:g 152P5 AL1487289 2022-09-23 450.00 2022-09-23 Textual
Copyright @ Delhi University Library System